<?xml version="1.0" encoding="UTF-8"?>
<record
    xmlns:xsi="http://www.w3.org/2001/XMLSchema-instance"
    xsi:schemaLocation="http://www.loc.gov/MARC21/slim http://www.loc.gov/standards/marcxml/schema/MARC21slim.xsd"
    xmlns="http://www.loc.gov/MARC21/slim">

  <leader>00540nam a22001577a 4500</leader>
  <controlfield tag="003">OSt</controlfield>
  <controlfield tag="005">20150905171335.0</controlfield>
  <controlfield tag="008">150905b        xxu||||| |||| 00| 0 eng d</controlfield>
  <datafield tag="040" ind1=" " ind2=" ">
    <subfield code="c">RUA</subfield>
  </datafield>
  <datafield tag="082" ind1=" " ind2=" ">
    <subfield code="a">AGR &#x179F;&#x17BB;&#x1781; 1991 B002 Or.1</subfield>
  </datafield>
  <datafield tag="100" ind1=" " ind2=" ">
    <subfield code="9">64</subfield>
    <subfield code="a">&#x179F;&#x17BB;&#x1781;&#x200B;&#x179F;&#x17B6;&#x179A;&#x17BC;</subfield>
  </datafield>
  <datafield tag="245" ind1=" " ind2=" ">
    <subfield code="a">&#x179F;&#x17B7;&#x1780;&#x17D2;&#x179F;&#x17B6;&#x17A5;&#x1791;&#x17D2;&#x1790;&#x17B7;&#x1796;&#x179B;&#x1793;&#x17C3;&#x1780;&#x17B6;&#x179A;&#x1794;&#x17D2;&#x179A;&#x17BE;&#x1794;&#x17D2;&#x179A;&#x17B6;&#x179F;&#x17CB;&#x1787;&#x17B8;&#x1791;&#x17C5;&#x179B;&#x17BE;&#x1780;&#x17B6;&#x179A; &#x179B;&#x17BC;&#x178F;&#x179B;&#x17B6;&#x179F;&#x17CB;&#x179A;&#x1794;&#x179F;&#x17CB;&#x178A;&#x17C6;&#x178E;&#x17B6;&#x17C6;&#x1796;&#x17C4;&#x178F;</subfield>
  </datafield>
  <datafield tag="260" ind1=" " ind2=" ">
    <subfield code="a">Phnom Penh</subfield>
    <subfield code="b">RUA</subfield>
    <subfield code="c">1991</subfield>
  </datafield>
  <datafield tag="300" ind1=" " ind2=" ">
    <subfield code="a">47p.</subfield>
    <subfield code="b">ill.</subfield>
    <subfield code="c">29cm.</subfield>
  </datafield>
  <datafield tag="942" ind1=" " ind2=" ">
    <subfield code="2">ddc</subfield>
    <subfield code="c">AGR</subfield>
  </datafield>
  <datafield tag="999" ind1=" " ind2=" ">
    <subfield code="c">61</subfield>
    <subfield code="d">61</subfield>
  </datafield>
  <datafield tag="952" ind1=" " ind2=" ">
    <subfield code="0">0</subfield>
    <subfield code="1">0</subfield>
    <subfield code="2">ddc</subfield>
    <subfield code="4">0</subfield>
    <subfield code="6">AGR_&#x179F;&#x17BB;&#x1781;_1991_000000000000000_B002_OR_1</subfield>
    <subfield code="7">0</subfield>
    <subfield code="9">200</subfield>
    <subfield code="a">LBB</subfield>
    <subfield code="b">LBB</subfield>
    <subfield code="c">B002</subfield>
    <subfield code="d">2015-09-05</subfield>
    <subfield code="o">AGR &#x179F;&#x17BB;&#x1781; 1991 B002 Or.1</subfield>
    <subfield code="p">RUA005745</subfield>
    <subfield code="r">2015-09-05</subfield>
    <subfield code="w">2015-09-05</subfield>
    <subfield code="y">AGR</subfield>
  </datafield>
  <datafield tag="952" ind1=" " ind2=" ">
    <subfield code="0">0</subfield>
    <subfield code="1">0</subfield>
    <subfield code="2">ddc</subfield>
    <subfield code="4">0</subfield>
    <subfield code="6">AGR_&#x179F;&#x17BB;&#x1781;_1991_000000000000000_B002_OR_2</subfield>
    <subfield code="7">0</subfield>
    <subfield code="9">201</subfield>
    <subfield code="a">LBB</subfield>
    <subfield code="b">LBB</subfield>
    <subfield code="c">B002</subfield>
    <subfield code="d">2015-09-05</subfield>
    <subfield code="o">AGR &#x179F;&#x17BB;&#x1781; 1991 B002 Or.2</subfield>
    <subfield code="p">RUA005479</subfield>
    <subfield code="r">2015-09-05</subfield>
    <subfield code="w">2015-09-05</subfield>
    <subfield code="y">AGR</subfield>
  </datafield>
  <datafield tag="952" ind1=" " ind2=" ">
    <subfield code="0">0</subfield>
    <subfield code="1">0</subfield>
    <subfield code="2">ddc</subfield>
    <subfield code="4">0</subfield>
    <subfield code="6">AGR_&#x179F;&#x17BB;&#x1781;_1991_000000000000000_B002_OR_3</subfield>
    <subfield code="7">0</subfield>
    <subfield code="9">202</subfield>
    <subfield code="a">LBB</subfield>
    <subfield code="b">LBB</subfield>
    <subfield code="c">B002</subfield>
    <subfield code="d">2015-09-05</subfield>
    <subfield code="l">1</subfield>
    <subfield code="o">AGR &#x179F;&#x17BB;&#x1781; 1991 B002 Or.3</subfield>
    <subfield code="p">RUA004708</subfield>
    <subfield code="r">2019-06-17</subfield>
    <subfield code="s">2019-05-11</subfield>
    <subfield code="w">2015-09-05</subfield>
    <subfield code="y">AGR</subfield>
  </datafield>
  <datafield tag="952" ind1=" " ind2=" ">
    <subfield code="0">0</subfield>
    <subfield code="1">0</subfield>
    <subfield code="2">ddc</subfield>
    <subfield code="4">0</subfield>
    <subfield code="6">AGR_&#x179F;&#x17BB;&#x1781;_1991_000000000000000_B002_OR_4</subfield>
    <subfield code="7">0</subfield>
    <subfield code="9">203</subfield>
    <subfield code="a">LBB</subfield>
    <subfield code="b">LBB</subfield>
    <subfield code="c">B002</subfield>
    <subfield code="d">2015-09-05</subfield>
    <subfield code="o">AGR &#x179F;&#x17BB;&#x1781; 1991 B002 Or.4</subfield>
    <subfield code="p">RUA005497</subfield>
    <subfield code="r">2015-09-05</subfield>
    <subfield code="w">2015-09-05</subfield>
    <subfield code="y">AGR</subfield>
  </datafield>
  <datafield tag="952" ind1=" " ind2=" ">
    <subfield code="0">0</subfield>
    <subfield code="1">0</subfield>
    <subfield code="2">ddc</subfield>
    <subfield code="4">0</subfield>
    <subfield code="6">AGR_&#x179F;&#x17BB;&#x1781;_1991_000000000000000_B002_OR_5</subfield>
    <subfield code="7">0</subfield>
    <subfield code="9">204</subfield>
    <subfield code="a">LBB</subfield>
    <subfield code="b">LBB</subfield>
    <subfield code="c">B002</subfield>
    <subfield code="d">2015-09-05</subfield>
    <subfield code="l">3</subfield>
    <subfield code="m">2</subfield>
    <subfield code="o">AGR &#x179F;&#x17BB;&#x1781; 1991 B002 Or.5</subfield>
    <subfield code="p">RUA005340</subfield>
    <subfield code="r">2020-01-29</subfield>
    <subfield code="s">2020-01-21</subfield>
    <subfield code="w">2015-09-05</subfield>
    <subfield code="y">AGR</subfield>
  </datafield>
  <datafield tag="952" ind1=" " ind2=" ">
    <subfield code="0">0</subfield>
    <subfield code="1">0</subfield>
    <subfield code="2">ddc</subfield>
    <subfield code="4">0</subfield>
    <subfield code="6">AGR_&#x179F;&#x17BB;&#x1781;_1991_000000000000000_B002_OR_6</subfield>
    <subfield code="7">0</subfield>
    <subfield code="9">205</subfield>
    <subfield code="a">LBB</subfield>
    <subfield code="b">LBB</subfield>
    <subfield code="c">B002</subfield>
    <subfield code="d">2015-09-05</subfield>
    <subfield code="o">AGR &#x179F;&#x17BB;&#x1781; 1991 B002 Or.6</subfield>
    <subfield code="p">RUA005358</subfield>
    <subfield code="r">2015-09-05</subfield>
    <subfield code="w">2015-09-05</subfield>
    <subfield code="y">AGR</subfield>
  </datafield>
  <datafield tag="952" ind1=" " ind2=" ">
    <subfield code="0">0</subfield>
    <subfield code="1">0</subfield>
    <subfield code="2">ddc</subfield>
    <subfield code="4">0</subfield>
    <subfield code="6">AGR_&#x179F;&#x17BB;&#x1781;_1991_000000000000000_B002_OR_7</subfield>
    <subfield code="7">0</subfield>
    <subfield code="9">206</subfield>
    <subfield code="a">LBB</subfield>
    <subfield code="b">LBB</subfield>
    <subfield code="c">B002</subfield>
    <subfield code="d">2015-09-05</subfield>
    <subfield code="l">1</subfield>
    <subfield code="o">AGR &#x179F;&#x17BB;&#x1781; 1991 B002 Or.7</subfield>
    <subfield code="p">RUA005658</subfield>
    <subfield code="r">2019-07-17</subfield>
    <subfield code="s">2019-07-02</subfield>
    <subfield code="w">2015-09-05</subfield>
    <subfield code="y">AGR</subfield>
  </datafield>
</record>
